Statistics for The Simpsons: Weird Ralph Wiggum Quotes

Click here to take the quiz!

General Stats

  • This quiz has been taken 699 times
    (688 since last reset)
  • The average score is 9 of 23

Answer Stats

EpisodeQuote% Correct
Lisa's RivalMy Cats Breath Smells Like {Cat Food}
81%
Das BusBart: Go Apple. Nelson: Go Orange. Ralph: Go, {Banana}
67%
I Love LisaSo, Do You...Like...{Stuff}
57%
Das BusIt Tastes Like {Burning}
56%
Lisa's RivalI Bent My {Wookie}
52%
Das BusI Ate The Purple {Berries}
50%
This Little wiggyThat's Where I Saw The {Leprechaun}. He Tells Me To Burn Things
49%
Lisa's RivalMy Cats Name Is {Mittens}
48%
This Little WiggyHelp! She's Touching My {Special Area}
44%
This Little WiggyI Found A Moon Rock In My {Nose}
44%
Lisa's RivalI Beat The {Smart Kids}, I Beat The {Smart Kids}
40%
This Little WiggyMy Toys Are All {Sticky}
32%
The Principal And The PauperWhen I Grow Up, I Want To Be A Principal Or A {Caterpillar}
32%
Lisa The VegetarianOh Boy, Sleep! That's Where I'm A {Viking}
31%
The Simpson Spinoff ShowCaseLook Big {Daddy}, It's Regular {Daddy}
30%
This Little WiggyYour Hair Is {Tall} And Pretty
30%
The Principal And The PauperWhich One Is{One}
26%
Hurricane NeddyHi Lisa! We're Going To Be In A {Pie}
20%
Whacking DayWhat's A {Battle}
17%
Sweet Seymour Skinner's Baadasssss SongPrincipal Skinner, I Got {Carsick} In You Office
15%
Simpson TideThat Is Sooo {1991}
11%
The Itchy & Scratchy & Poochie ShowMy {Knob} Tastes Funny
9%
Bart After DarkI Heard A {Frankenstein} Lives There
8%

Score Distribution

Percentile by Number Answered

Percent of People with Each Score

Your Score History

You have not taken this quiz since the last reset